Т. 77, вып. 1-2; Известия Всесоюзного географического общества

ग्रंथसूची विवरण
Parent link:Известия Всесоюзного географического общества: журнал/ Издается под редакцией секретаря общества. Т. 77, вып. 1-2.— , 1892-1911, 1918, 1919, 1923, 1926, 1928, 1931-1941, 1943-1964.— 0869-6071
निगमित लेखक: Академия наук СССР (570)
अन्य लेखक: С. В. Калесник (редактор)
भाषा:रूसी
प्रकाशित: 1945
स्वरूप: पुस्तक
KOHA link:https://koha.lib.tpu.ru/cgi-bin/koha/opac-detail.pl?biblionumber=582163

MARC

LEADER 00000nam2a2200000 4500
001 582163
005 20231101130826.0
035 |a (RuTPU)RU\TPU\prd\282393 
035 |a RU\TPU\prd\282388 
090 |a 582163 
100 |a 20181226a1892 m u0rusy50 ca 
101 0 |a rus 
102 |a RU 
200 0 |a Т. 77, вып. 1-2 
210 |d 1945 
461 1 |0 (RuTPU)RU\TPU\prd\328  |x 0869-6071  |t Известия Всесоюзного географического общества  |o журнал  |f Издается под редакцией секретаря общества  |v Т. 77, вып. 1-2  |d 1892-1911, 1918, 1919, 1923, 1926, 1928, 1931-1941, 1943-1964 
702 1 |a С. В.  |b Калесник  |4 340 
712 0 2 |a Академия наук СССР  |4 570 
801 0 |a RU  |b 63413507  |c 20010227  |g PSBO 
801 1 |a RU  |b 63413507  |c 20080423  |g PSBO 
801 2 |a RU  |b 63413507  |c 20181227  |g PSBO 
942 |c BK 
999 |a НТБ_ТПУ  |b НФ  |e -8/20180109  |p П-740  |u 0,00  |v 1  |x 4846